| 000 | 01231cam a2200217 4500 | ||
|---|---|---|---|
| 001 | J125086 | ||
| 008 | 040206n2004 000 0 eng u | ||
| 035 | _a(Sirsi) u125086 | ||
| 041 | _aeng | ||
| 110 |
_aWorld Wide Fund for Nature _93148 |
||
| 245 |
_aBuilding towards sustainability _bperformance and progress among the UK's leading housebuilders |
||
| 260 |
_aGodalming _bWWF _c2004 |
||
| 520 | _aA survey of the UK's largest listed house builders, commissioned by WWF, which examined how house building companies are adapting their business towards sustainability practices. The survey looks at the house builders' impact on the environment and society and considers factors such as governance, strategies and risk management. WWF found that some companies have already integrated sustainable practices into their governance, management resources, policies and operational performance. View at www.wwf.org.uk. | ||
| 650 | _aSUSTAINABLE DEVELOPMENT | ||
| 650 | _aHOUSE BUILDERS | ||
| 650 | _aENVIRONMENTAL IMPACT | ||
| 650 | _aBUSINESS PRACTICES | ||
| 690 | _aBUILT ENVIRONMENT-SUSTAINABLE CONSTRUCTION | ||
| 856 |
_uhttps://www.wwf.org.uk/filelibrary/pdf/bts.pdf _zView the report on the WWF website... |
||
| 942 | _n0 | ||
| 999 |
_c103334 _d103334 |
||